000 00471nam a2200169Ia 4500
008 210716s2006 xx 000 0 und d
020 _a8131401626
041 _aeng
082 _a658.162 THAB
100 _aThakar, Bharti.
245 _aM and A: strategic management issues.
_bStrategic management issues.
250 _a1
260 _aHyderabad
_bICFAI University Press
_c2006
300 _avii,183,
650 _aMergers & Acqusitions
700 _aThakar, Bharti.
999 _c202378
_d202378